000 00286nam a22001337a 4500
008 171130b xxu||||| |||| 00| 0 eng d
020 _a9780801487880
041 _aeng
080 _a94
100 _a16
101 _aHIS
245 _aDEATH OF A NOTARY
_cMERWICK,.D
942 _2udc
_cBK
999 _c38625
_d38625